MDQL
is popping MORE tags! Check the
thread
!
Quizzes
Events
Quiz Creation
Community
Videos
Private Events
Remove Ads
Sign In
Join for FREE
Feedback
Dark Mode
Quiz Categories
Sports
Geography
Music
Movies
Television
Just For Fun
Miscellaneous
History
Literature
Language
Science
Gaming
Entertainment
Religion
Holiday
For Kids
Quiz Lab
Recent
Popular Today
Quiz Kudos Today
Editor Picks
Curator Picks
Quizzes by...
Day
Popularity
Type
Ratings
Length
Year
Community
Subscriptions
Recent Discussions
Orange Saloon
Badges
Playlists
Quests
Create
Leaderboards
Showdown
Live 5
Trivia Bingo
Activity
Puzzle Library
Sporcle Events
Private Events
Virtual Trivia
Globe League
Become a Host
Pub Owners
SporcleCon
Opinionation
Our Games
Videos
Blog
Mobile Apps
Partnerships
Remove Ads and Go Orange
Feedback
Music
Pop Music
The Beatles
Song
Album
Lyrics
Bands
Singers
Artist
Clip
Rock
Rap
Classical
Billboard
Country Music
Kpop
Taylor Swift
Music
Pop Music
The Beatles
Song
Album
Lyrics
Bands
Singers
Artist
Clip
Rock
Rap
Classical
Billboard
Country Music
Kpop
Taylor Swift
Random Quiz
Search Sporcle
×
Quiz Lab
Quiz Lab
Music
Japanese
Type in answers that appear in a list
Type in answers that appear in a list
Classic
Best Score? Go Orange.
All Songs by BACK-ON(爆音) Stats
Can you name the Songs by BACK-ON(爆音)?
By
Skies2147
10m
28 Questions
1 Play
1 Plays
1 Plays
Comments
Comments
Give Quiz Kudos
Give Quiz Kudos
-
- Ratings
hide this ad
Replay
Link that replays current quiz
Next Quiz
Link to next quiz in quiz playlist
You Got
0%
They Got
Avg Score
64%
Avg Friend Score
Upgrade to see
Score Distribution
Jump to the score distribution portion of the page
Score
0/28
Timer
10:00
0
Plays Today
Release Year
Song Name
% Correct
2006
Chain
100%
2006
Beat
100%
2007
Blaze Line
100%
2007
a day dreaming...
100%
2007
Eyes
100%
2007
flower
100%
2007
Butterfly
100%
2007
Spark
100%
2007
Drive
100%
2008
Sands of Time
100%
2009
flyaway
100%
2009
where is the future?
100%
2009
Re:Start
100%
2010
One Step! feat.mini
100%
Release Year
Song Name
% Correct
2010
Tomorrow never knows
100%
2011
Connectus and selfish
100%
2011
We are...
100%
2012
Ice cream
100%
2006
Believer
0%
2007
Zero
0%
2007
Colors
0%
2008
Message for kidz
0%
2008
fifty
0%
2011
Tell Me
0%
2011
Discovery
0%
2011
with you feat.Me
0%
2011
Shooting Star
0%
2012
Piece
0%
Quiz Playlist
Details
Report
Send in Message
Add To Playlist
Classic:
Type in answers that appear in a list
Quiz Source
Last Updated: Feb 16, 2017
Quiz Scoreboard
CHALLENGE
Sign Up to Join the Scoreboard
Show All
Scores
Hide
Comments
May contain spoilers
Recently Published
Holiday 10x10 Sorting Gallery
by lukepisani3
Holiday
15m
Two Season TV Shows II
by 123Four
Television
10m
Image Sorting: Flags VI
by Barbecue
Geography
2m
More to Explore
Quiz From the Vault
Featured Blog Post
14 Easter Pick-up Lines to Find Eggs With
hide this ad
You Might Also Like...
Tags
Japanese Quiz
Today's Top Quizzes in Music
Browse Music
hide this ad
Today's Top Quizzes in Japanese
Browse Japanese
Top Contributed Quizzes in Music
1
5X2 Blitz: Bands II
2
Taylor Swift All Songs (2024)
3
5X2 Blitz: The Beatles
4
5X2 Blitz: Billboard
5
Music Artist by Three 2010s hits
6
5X2 Blitz: Billboard II
7
5X2 Blitz: Album
8
5X2 Blitz: Rock
9
5X2 Blitz: Singers
10
5X2 Blitz: Lyrics
Explore More
Trending Topics
Disney
Anime
Kpop
Marvel
Crossword
NBA
Harry Potter
Country
Song
The Office
NFL
Soccer
WWE
Puzzle
Pokémon
hide this ad
More By:
Skies2147
Quiz
Plays
Rating
Category
Featured
Created
Producer Name by Vocaloid Song Name
642
Music
Jun 29, 2012
The Openings/Endings of Katekyo Hitman Reborn!
391
2.67
Music
Jul 3, 2012
Anime By Opening/Ending Song
269
2.00
Music
Jun 29, 2012
The Openings/Endings of the Full Metal Alchemist Series
266
Entertainment
Jul 1, 2012
The Openings/Endings of the Digimon Series
178
3.00
Music
Jul 2, 2012
Go to Creator's Profile
Score Distribution
Quiz Creator Spotlight
Skies2147
Follow
Send a Message
Quizzes Created
-
Created Quiz Play Count
-
More By This Creator
Popular Quizzes Today
1
Find the US States - No Outlines Minefield
2
Colored Red Africa Blitz
3
Find the 'City' Movie
4
The Countries of the World
5
5x2 Blitz: Bands
6
Find the US States
7
Find the Countries of Europe - No Outlines Minefield
8
US States
More Music Quizzes
Musician/Musical Jokes
Curator's Pick
Trending Quizzes
Colored Red Europe Blitz I
Colored Red Europe Blitz II
Colored Red Africa Blitz II
Colored Red Europe Blitz III
Colored Red Africa Blitz III
Recently Updated
Odd Team Out - Big 4 Players
pecheneg
Quick Pick: 20 Twenties
pecheneg
March Madness Men's Triple Doubles
pecheneg
How Do You Spell That?
pecheneg
Godzilla Movies
pecheneg
Grab Bag: 4-10 Letters
pecheneg
2024 March Madness Bracket
pecheneg
Famous TV Couples
Peacemaker
Champions League XIs: Real Madrid
pecheneg
Largest US Cities 1790-2010
pecheneg
Trending Topics
Harry Potter
Kpop
Anime
NBA
Crossword
Disney
Marvel
The Office
NFL
Soccer
Song
Puzzle
WWE
Country
Pokémon
Your Account Isn't Verified!
In order to create a playlist on Sporcle, you need to verify the email address you used during registration. Go to your
Sporcle Settings
to finish the process.
Report this User
Report this user for behavior that violates our
Community Guidelines
.
Details:
Send Report
Go to the Sporcle.com Mobile Site →
Comments